Czy potrafisz wymienić wszystkie piosenki Justyny Steczkowskiej? - Statystyki

Ogólne statystyki
  • Ten quiz został rozwiązany 22 razy
    18 od ostatniego zresetowania
  • Średni wynik to 93 z 233
Statystyki odpowiedzi
Album Odpowiedz % Poprawnych
Dziewczyna Szamana | Szamanka | XV Dziewczyna Szamana
100%
Anima Anima
75%
Dziewczyna Szamana | XV Boskie Buenos
75%
singiel Carpe Diem
75%
Daj mi chwilę Czas
75%
WITCH TAROHORO Czas w Tobie Mija
75%
Daj mi chwilę Daj mi chwilę
75%
singiel D.N.A
75%
WITCH TAROHORO Domek z Kart
75%
To mój czas Dom (Moja Przystań)
75%
WITCH TAROHORO Dom Naszego Ojca
75%
WITCH TAROHORO GAJA
75%
Dziewczyna Szamana | XV Grawitacja
75%
WITCH TAROHORO Każda Fala Znajdzie Brzeg
75%
Anima Kochankowie syreny
75%
Anima Leć
75%
WITCH TAROHORO Nasz Wspólny Świat
75%
WITCH TAROHORO Nieznany Raj
75%
Dziewczyna Szamana | XV Oko za oko
75%
singiel Poza ramą
75%
WITCH TAROHORO Poznam Siebie
75%
singiel Sama
75%
XV Sanktuarium
75%
WITCH TAROHORO SLAVIC
75%
singiel Tańcz
75%
Anima Terra
75%
Anima To co jest Ci dane
75%
To mój czas | XV To mój czas
75%
Daj mi chwilę Tu i tu
75%
WITCH TAROHORO Ty Lustrem Świata
75%
WITCH TAROHORO WITCH Tarohoro
75%
Daj mi chwilę Wracam do domu
75%
Naga | XV Za karę
75%
Maria Magdalena. All Is One All is...
50%
Szamanka Amen
50%
Maria Magdalena. All Is One Asking Me, Asking You
50%
Maria Magdalena. All Is One Ave (No Control)
50%
I na co mi to było? Biel całuje biel
50%
Maria Magdalena. All Is One Coming Back
50%
Maria Magdalena. All Is One Crystal Children
50%
Maria Magdalena. All Is One Female
50%
Anima High Heels
50%
I na co mi to było? I na co mi to było?
50%
Dziewczyna Szamana Karuzela z Madonnami
50%
Steczkowska Demarczyk Karuzela z madonnami
50%
Naga | XV Kici Kici Maj
50%
Dzień i noc | XV Kosmiczna rewolucja
50%
Naga | XV Kryminalna miłość
50%
I na co mi to było? Kto i z kim - siwy dym
50%
I na co mi to było? Kto wciska mi kit
50%
Puchowe Kołysanki Leonek
50%
XV Maria Magdalena
50%
I na co mi to było? Maruśka
50%
Szamanka Między nami
50%
Szamanka Miej odwagę
50%
Dzień i noc | Szamanka | XV Modlitwa
50%
Mów do mnie jeszcze Mów do mnie jeszcze
50%
Dziewczyna Szamana | XV Myte dusze
50%
Anima Nie jestem tym kim byłam
50%
Szamanka Nie poddawaj się
50%
Dzień i noc Noc...
50%
Maria Magdalena. All Is One Pantheon
50%
Maria Magdalena. All Is One Pilgrimage
50%
Anima Pryzmat
50%
Szamanka Ra Ma Da Są
50%
I na co mi to było? Rumunija
50%
Femme Fatale Sex Appeal
50%
XV Skłam
50%
Alkimja Śpiewaj "Yidl mitn fidl"
50%
Naga Stu policjantów
50%
Anima Szachmistrz
50%
Steczkowska Demarczyk | Szamanka Szamanka
50%
Anima Tam
50%
Femme Fatale Tańczące Eurydyki
50%
Dziewczyna Szamana | XV Tatuuj mnie
50%
Daj mi chwilę To tylko złudzenie (to nie miłość)
50%
Maria Magdalena. All Is One Trust
50%
Maria Magdalena. All Is One Universe
50%
Maria Magdalena. All Is One Where are you, Sophie?
50%
Dziewczyna Szamana W Kazimierzu Dolnym
50%
Dziewczyna Szamana | XV Wrogu mój
50%
I na co mi to było? Wszechmogący (Ty co masz...)
50%
Anima Wybaczcie mnie złej
50%
Maria Magdalena. All Is One Zen
50%
Alkimja Ad-lo-jada
25%
Szamanka Alleluja
25%
Alkimja Austeria
25%
Daj mi chwilę Aż po życia kres
25%
Daj mi chwilę Babie lato
25%
Mezalianse Bez Ciebie
25%
Daj mi chwilę Białe pola
25%
Naga Bombay-Goa
25%
Alkimja Bulbes
25%
Steczkowska Demarczyk Cancion de las voces serenas
25%
Daj mi chwilę Choć wieje, pada, grzmi
25%
Mów do mnie jeszcze Co to jest miłość
25%
Steczkowska Demarczyk Czarne anioły
25%
Dziewczyna Szamana Czy to mi...
25%
Szamanka Daj mi czas
25%
Femme Fatale Diamenty są najlepszymi przyjaciółmi dziewczyny
25%
To mój czas Dlaczego ty
25%
Puchowe Kołysanki Dobra jest noc
25%
Mezalianse Dobranoc, już czas na sen
25%
Mezalianse Do ciebie szłam
25%
Dzień i noc Dziecko...
25%
Naga Dziś twój ślub
25%
Steczkowska Demarczyk Garbus
25%
Alkimja Genesis
25%
Alkimja Graj, klezmerska kapelo!
25%
Femme Fatale Grande Valse Brillante
25%
Steczkowska Demarczyk Grande valse brillante
25%
Steczkowska Demarczyk Groszki i róże
25%
Alkimja Hava nagila - Piękna jest chwila!
25%
Mezalianse Herbatka
25%
Alkimja Herszełe Ostropoler
25%
Dzień i noc Ikuku (Wiatr)
25%
Steczkowska Demarczyk Jaki śmieszny
25%
Femme Fatale Jedna z tych kobiet
25%
Mów do mnie jeszcze Jestem piekącą raną
25%
Naga Jeszcze nie pająku
25%
Femme Fatale Johnny
25%
Puchowe Kołysanki Już idziemy spać
25%
Dzień i noc Kamdibe
25%
To mój czas Kim tu jestem
25%
Puchowe Kołysanki Kołysankę śpiewam Ci
25%
To mój czas Korytarze
25%
Alkimja Kwiaty więdnące
25%
Femme Fatale La Cumparsita
25%
Dzień i noc La femme du Roi
25%
I na co mi to było? Los to łobuz
25%
Alkimja Mako-maszme-lon
25%
Mów do mnie jeszcze Mała moja maleńka
25%
Puchowe Kołysanki 2 Maleńka
25%
Puchowe Kołysanki Mały czarodziej
25%
Femme Fatale Mężczyzna ze złotym pistoletem
25%
Femme Fatale Miałam sen
25%
Dzień i noc Miłość...
25%
singiel Moja intymność
25%
Alkimja Morenica
25%
Mów do mnie jeszcze Mówisz do mnie moja
25%
XV Na koniec świata
25%
Steczkowska Demarczyk Na moście w Avignon
25%
Mezalianse Na ryby
25%
Mezalianse Nie budźcie mnie
25%
Dziewczyna Szamana Nie kochani
25%
Szamanka Nie mój sen
25%
To mój czas Nieposłuszny dłoniom mym
25%
Daj mi chwilę Nocą
25%
singiel Now
25%
To mój czas Odnajdę cię
25%
To mój czas One
25%
Puchowe Kołysanki 2 Otulam Cię
25%
Puchowe Kołysanki 2 Pieśń Eos
25%
Alkimja Pieśń o Bet-Lechem
25%
I na co mi to było? Płoną maki, kapie wino
25%
Steczkowska Demarczyk Pocałunki
25%
Dzień i noc Podróżując
25%
XV Pomazana
25%
To mój czas Proszę Cię - skłam
25%
Mów do mnie jeszcze Przebacz
25%
Steczkowska Demarczyk Rebeka
25%
Mów do mnie jeszcze Romeo i Julia
25%
Puchowe Kołysanki 2 Rudolf jedyny i wyjątkowy - rozdział 1
25%
Puchowe Kołysanki 2 Rudolf jedyny i wyjątkowy - rozdział 2
25%
Puchowe Kołysanki 2 Rudolf jedyny i wyjątkowy - rozdział 3
25%
Femme Fatale Samotni
25%
Puchowe Kołysanki Schowaj nos pod koc
25%
XV Sekai no
25%
Dzień i noc Sen...
25%
Steczkowska Demarczyk Skrzypek Hercowicz
25%
Femme Fatale Słoneczko
25%
Mezalianse Smutny deszczyk
25%
Puchowe Kołysanki 2 Sny domowe sny
25%
Mezalianse Stacyjka Zdrój
25%
Mów do mnie jeszcze Stoimy na dzikiej grani
25%
Dzień i noc Świat jest niewierny
25%
Alkimja Świt! Świt!
25%
Puchowe Kołysanki 2 Synku już przytulam Cię
25%
Daj mi chwilę Tajemnice uczuć
25%
Steczkowska Demarczyk Taki pejzaż
25%
Naga Tańcz na mym weselu
25%
To mój czas Tango
25%
Femme Fatale Tłum
25%
Dzień i noc To koniec
25%
Steczkowska Demarczyk Tomaszów
25%
Mów do mnie jeszcze Trzeba Marzyć
25%
Puchowe Kołysanki Twój aniołek stróż
25%
To mój czas Tylko ty znasz te zaklęcia
25%
Szamanka Uciekinierzy
25%
Dziewczyna Szamana Ukołysze nas sitowie
25%
Mów do mnie jeszcze Umiłowanie
25%
I na co mi to było? U mnie rzuć kotwicę
25%
Mezalianse Upiorny Twist
25%
Mezalianse Utwierdź mnie
25%
I na co mi to było? Vranjski cocek
25%
Puchowe Kołysanki 2 W Bajkogrodzie
25%
Alkimja Wędrowni sztukmistrzowie
25%
Szamanka Wolność to ja
25%
Daj mi chwilę W przód i w tył
25%
Puchowe Kołysanki W skrzydłach snu
25%
Alkimja Wszyscy braćmi być powinni
25%
Dzień i noc Wszystko się staje iluzją
25%
Mów do mnie jeszcze W Weronie
25%
Naga Za dużo wiesz
25%
Femme Fatale Zadzwoń do mnie
25%
Puchowe Kołysanki 2 Zagubiony skrzat
25%
Puchowe Kołysanki Zamknij oczka
25%
Dzień i noc Zanim zapragniesz
25%
Dzień i noc Zazdroszczę ci
25%
XV Zazdroszczę Ci
25%
Puchowe Kołysanki Złotowłosy synku mój
25%
Mezalianse Zmierzch
25%
Naga Znikając
25%
Femme Fatale Życie na różowo
25%
I na co mi to było? Dżelem, Dżemem
0%
singiel Gdybym ja
0%
singiel Świąteczna piosenka o miłości
0%
Nie znaleziono quizów pasujących do podanych kryteriów
Rozkład punktacji
Procent ludzi z każdym wynikiem
Percentyl według liczby udzielonych odpowiedzi
Twoja historia wyników
Nie rozwiązałeś tego quizu od ostatniego zresetowania